The Oxford American dictionary and thesaurus : with language guide.

Bibliographic Details
Format: Book
Language:English
Published: New York : Oxford University Press, 2003.
Subjects:

MARC

Tag First Indicator Second Indicator Subfields
LEADER 00000cam a2200000 a 4500
001 in00001763321
005 20151025094153.0
008 030325s2003 nyu d 000 0 eng
010 |a  2003048619 
020 |a 0195168348 
035 |a (OCoLC)ocm52030582 
040 |a DLC  |c DLC  |d C#P  |d TXA  |d UtOrBLW 
049 |a TXAM 
050 0 0 |a PE1628  |b .O95 2003 
082 0 0 |a 423  |2 21 
245 0 4 |a The Oxford American dictionary and thesaurus :  |b with language guide. 
264 1 |a New York :  |b Oxford University Press,  |c 2003. 
300 |a xxiv, 1891 pages ;  |c 26 cm. 
336 |a text  |b txt  |2 rdacontent 
337 |a unmediated  |b n  |2 rdamedia 
338 |a volume  |b nc  |2 rdacarrier 
650 0 |a English language  |z United States  |v Dictionaries. 
650 0 |a English language  |z United States  |x Synonyms and antonyms. 
994 |a E0  |b TXA 
948 |a cataloged  |b h  |c 2003/9/8  |d c  |e blrosas  |f 1:53:45 pm 
999 |a MARS 
999 f f |s 86134ad0-100c-35b8-83c1-469fa33e1891  |i 4faab6c7-a966-3074-939e-cb6cb7557eb6  |t 0 
952 f f |p ric  |a Texas A&M University  |b Rellis Campus  |c Joint Library Facility  |s JLF  |d Remote Storage  |t 0  |e PE1628 .O95 2003  |h Library of Congress classification  |i unmediated -- volume  |m A14830490305 
998 f f |a PE1628 .O95 2003  |t 0  |l Remote Storage